Name The Russian Leader 1900-2026 - Statistics

General Stats
  • This quiz has been taken 38 times
  • The average score is 108 of 127
Answer Stats
year Answer Country Leading % Correct
1924 | 1925 | 1926 | +26 others Joseph Stalin Soviet Union
100%
1917 | 1918 | 1919 | +4 others Vladimir Lenin Soviet Union
100%
1999 | 2000 | 2001 | +21 others Vladimir Putin Russian Federation
97%
1901 | 1902 | 1903 | +13 others Nicholas II Russian empire
91%
1985 | 1986 | 1987 | +3 others Mikhail Gorbachev Soviet Union
88%
1954 | 1955 | 1956 | +7 others Nikita Khrushchev Soviet Union
85%
1991 | 1992 | 1993 | +5 others Boris Yeltsin Russian Federation
76%
1964 | 1965 | 1966 | +15 others Leonid Brezhnev Soviet Union
73%
1900 Nicholas II Russian empire
70%
1984 Konstantin Chernenko Soviet Union
33%
1982 | 1983 Yuri Andropov Soviet Union
24%
1953 Georgy Malenkov Soviet Union
9%
2008 | 2009 | 2010 | 2011 Dmitry Medvedev Russian Federation
3%
No matching quizzes found
Score Distribution
Percent of People with Each Score
Percentile by Number Answered
Your Score History
You have not taken this quiz